000 00413nam a2200157Ia 4500
008 151213s9999 xx 000 0 und d
020 _a0-690-640-75-7
100 _aEdmund Fuller
245 _aPoems of Henry Words Worth Longfellow
_cEdmund Fuller
260 _aNew York
_bThomasy. Crouell Company
_c1967
300 _a4645 p.
650 _aEnglish
650 _aPoem
700 _aEdmund Fuller
999 _c2992
_d2992